| 000 | 00618 a2200193 4500 | ||
|---|---|---|---|
| 999 |
_c7316 _d7316 |
||
| 020 | _a9781846611728 (hbk.) | ||
| 050 | 0 | 0 | _aKD 954 FRA 2009 |
| 100 | 1 |
_aFrancis, Andrew, _d1953- |
|
| 245 | 1 | 0 |
_aRestrictive Covenants and Freehold Land : _ba practitioner's guide / _cAndrew Francis. |
| 250 | _a3rd ed. | ||
| 264 |
_aBristol : . _bJordans Pub., _c2009 |
||
| 300 | _alxi, 540 p. ; | ||
| 500 | _aincludes index | ||
| 504 | _aIncludes bibliographical references | ||
| 650 | 0 | _aReal covenants | |
| 650 | 0 | _aReal covenants | |
| 942 |
_2lcc _cBK _e3rd. _h954 _iFRA _kKD |
||